Finders' guide to prints and drawings in the Smithsonian Institution /

Bibliographic Details
Corporate Author: Smithsonian Institution
Other Authors: Claassen, Lynda C.
Format: Government Document Book
Language:English
Published: Washington, D.C. : Smithsonian Institution Press, 1981.
Series:Finders' guides to works in the Smithsonian Institution
Subjects:

MARC

Tag First Indicator Second Indicator Subfields
LEADER 00000cam a22000008a 4500
001 in00000071526
005 20151008062250.0
008 810622s1981 dcua bc f00110 eng
010 |a  81607070  
020 |a 0874743176 
020 |a 0874743168 
035 |a (OCoLC)07597167 
035 |9 AAJ9862AM 
039 0 |a 2  |b 3  |c 3  |d 3  |e 3 
040 |a DLC  |c DLC  |d TXA  |d UtOrBLW 
043 |a n-us-dc 
049 |a TXAM  |c [1560946] 
050 0 0 |a N855.8  |b .A56 
082 0 |a 760/.074/0153  |2 19 
086 0 |a SI 1.20:P93 
110 2 |a Smithsonian Institution. 
245 1 0 |a Finders' guide to prints and drawings in the Smithsonian Institution /  |c Lynda Corey Claassen. 
263 |a 8109 
264 1 |a Washington, D.C. :  |b Smithsonian Institution Press,  |c 1981. 
300 |a 210 pages :  |b illustrations ;  |c 23 cm. 
336 |a text  |b txt  |2 rdacontent 
337 |a unmediated  |b n  |2 rdamedia 
338 |a volume  |b nc  |2 rdacarrier 
490 1 |a Finders' guides to works in the Smithsonian Institution 
504 |a Includes bibliographical references and index. 
610 2 0 |a Smithsonian Institution  |x Catalogs. 
650 0 |a Art  |v Catalogs. 
650 0 |a Scientific illustration  |x Catalogs. 
650 0 |a Medical illustration  |x Catalogs. 
700 1 |a Claassen, Lynda C. 
810 2 |a Smithsonian Institution.  |t Finders' guides to works in the Smithsonian Institution. 
999 |a MARS 
999 f f |s 5681178a-8bb0-33d7-af91-3ba46c77d474  |i 50d0c902-6815-3436-bffc-67a45e35edb7  |t 0 
952 f f |p ric  |a Texas A&M University  |b Rellis Campus  |c Joint Library Facility  |d Remote Storage  |t 0  |e N855.8 .A56  |h Library of Congress classification  |i unmediated -- volume  |m A14806166055 
998 f f |a N855.8 .A56  |t 0  |l Remote Storage